Un viaje a lo sobrenatural / (Registro nro. 63216)

Detalles MARC
000 -LEADER
campo de control de longitud fija 02394cam a2200445 i 4500
003 - IDENTIFICADOR DE NÚMERO DE CONTROL
campo de control PE-LiUPU
005 - FECHA Y HORA DE LA ÚLTIMA TRANSACCIÓN
campo de control 20251231121831.0
008 - DATOS DE LONGITUD FIJA--INFORMACIÓN GENERAL
campo de control de longitud fija 0705 s2007 ar a rb 000 0 spa d
020 ## - NÚMERO INTERNACIONAL ESTÁNDAR DEL LIBRO
Número Internacional Estándar del Libro 9789875672956
035 ## - NÚMERO DE CONTROL DEL SISTEMA
Número de control de sistema PE-LiUPU00053
040 ## - FUENTE DE CATALOGACIÓN
Centro catalogador/agencia de origen PE-LiUPU
Lengua de catalogación spa
Centro/agencia transcriptor PE-LiUPU
Normas de descripción rda
082 04 - NÚMERO DE LA CLASIFICACIÓN DECIMAL DEWEY
Número de clasificación 248.5
Cutter M866v
Número de edición 23
090 ## - LOCALMENTE ASIGNADO TIPO-LC NÚMERO DE CLASIFICACIÓN (OCLC); NÚMERO DE CLASIFICACIÓN LOCAL (RLIN)
Número de clasificación (OCLC) (R) ; Numero de clasificación, CALL (RLIN) (NR) 248.5
Número cutter local (OCLC) ; Número de libro/Signatura topográfica íntegra, CALL (RLIN) M67v
100 1# - ENTRADA PRINCIPAL--NOMBRE DE PERSONA
Nombre de persona Morneau, Roger J.,
Término indicativo de función/relación autor.
9 (RLIN) 7812
245 13 - MENCIÓN DEL TÍTULO
Título Un viaje a lo sobrenatural /
Mención de responsabilidad, etc. Roger J. Morneau ; dirigido por Pablo D. Ostuni.
250 ## - MENCION DE EDICION
Mención de edición Primera edición.
264 #1 - PRODUCCIÓN, PUBLICACIÓN, DISTRIBUCIÓN, FABRICACIÓN Y COPYRIGHT
Producción, publicación, distribución, fabricación y copyright Florida :
Nombre del de productor, editor, distribuidor, fabricante Asociación Casa Editora Sudamericana,
Fecha de producción, publicación, distribución, fabricación o copyright 2007.
264 #3 - PRODUCCIÓN, PUBLICACIÓN, DISTRIBUCIÓN, FABRICACIÓN Y COPYRIGHT
Producción, publicación, distribución, fabricación y copyright Impreso en la Argentina.
300 ## - DESCRIPCIÓN FÍSICA
Extensión 160 páginas ;
Dimensiones 21 cm
336 ## - TIPO DE CONTENIDO
Término de tipo de contenido text
Fuente rdacontent
337 ## - TIPO DE MEDIO
Nombre/término del tipo de medio unmediated
Fuente rdamedia
338 ## - TIPO DE SOPORTE
Nombre/término del tipo de soporte volume
Fuente rdacarrier
500 ## - NOTA GENERAL
Nota general Título original: A Trip into the Supernatural.
500 ## - NOTA GENERAL
Nota general Copyright © Review and Herald Publishing Association (1982, 1993).
500 ## - NOTA GENERAL
Nota general Traducción de Claudia Blath.
505 ## - NOTA DE CONTENIDO CON FORMATO
Nota de contenido con formato En problemas con los espíritus -- Los días de mi niñez -- Un viaje a lo sobrenatural -- La sala de culto a los dioses -- Espíritus en acción -- Presión por un compromiso -- De la adoración a los demonios al estudio bíblico -- El estudio del lunes de noche -- Estudio en tiempo prestado --Día de promesas El día de reposo bíblico -- Un día nuevo y una vida nueva -- Episodio de muerte -- Considerando mis bendiciones.
520 ## - RESUMEN, ETC.
Sumario, etc. Relato autobiográfico en el que el autor narra su experiencia personal con el espiritismo y el ocultismo, su involucramiento con prácticas demoníacas y su posterior conversión al cristianismo. La obra presenta un testimonio de fe centrado en la liberación espiritual, la autoridad de la Biblia y el poder de Dios frente a las fuerzas sobrenaturales del mal.
650 14 - PUNTO DE ACCESO ADICIONAL DE MATERIA--TÉRMINO DE MATERIA
Término de materia o nombre geográfico como elemento de entrada Conversión cristiana
9 (RLIN) 7963
650 24 - PUNTO DE ACCESO ADICIONAL DE MATERIA--TÉRMINO DE MATERIA
Término de materia o nombre geográfico como elemento de entrada Testimonios cristianos
9 (RLIN) 7851
650 24 - PUNTO DE ACCESO ADICIONAL DE MATERIA--TÉRMINO DE MATERIA
Término de materia o nombre geográfico como elemento de entrada Conversión religiosa.
9 (RLIN) 7815
650 24 - PUNTO DE ACCESO ADICIONAL DE MATERIA--TÉRMINO DE MATERIA
Término de materia o nombre geográfico como elemento de entrada Espiritismo
Subdivisión general Aspectos religiosos
9 (RLIN) 7816
650 24 - PUNTO DE ACCESO ADICIONAL DE MATERIA--TÉRMINO DE MATERIA
Término de materia o nombre geográfico como elemento de entrada Ocultismo
Subdivisión general Aspectos religiosos
9 (RLIN) 6431
650 24 - PUNTO DE ACCESO ADICIONAL DE MATERIA--TÉRMINO DE MATERIA
Término de materia o nombre geográfico como elemento de entrada Demonología
Subdivisión general Aspectos religiosos
9 (RLIN) 7964
650 24 - PUNTO DE ACCESO ADICIONAL DE MATERIA--TÉRMINO DE MATERIA
Término de materia o nombre geográfico como elemento de entrada Vida cristiana
9 (RLIN) 940
700 ## - ENTRADA AGREGADA--NOMBRE PERSONAL
Nombre de persona Ostuni, Pablo D.,
Término indicativo de función/relación director.
9 (RLIN) 7818
700 1# - ENTRADA AGREGADA--NOMBRE PERSONAL
Nombre de persona Blath, Claudia,
Término indicativo de función/relación traductora.
710 2# - ENTRADA AGREGADA--NOMBRE DE ENTIDAD CORPORATIVA
Nombre de entidad corporativa o nombre de jurisdicción como elemento de entrada Asociación Casa Editora Sudamericana.
942 ## - ELEMENTOS DE ENTRADA SECUNDARIOS (KOHA)
Fuente del sistema de clasificación o colocación Clasificación Decimal Dewey
Tipo de ítem Koha Libros físicos
980 ## - EQUIVALENCIA O REFERENCIA-CRUZADA-MENCIÓN DE SERIE--NOMBRE DE PERSONA/TÍTULO [LOCAL, CANADÁ]
ID del usuario creador del registro 18228
Nombre del creador del registro Rebeca Esther Huerta Leyton
ID del último usuario que modificó el registro 18226
Nombre del último usuario que modificó el registro Jaime Vilcazán Jefe de Análisis Documental
Existencias
Visto por última vez Total de préstamos Signatura topográfica completa Código de barras Copia número Coste, precio de reemplazo Fecha de reemplazo Facultad Tipo de ítem Koha Estado de pérdida Fuente del sistema de clasificación o colocación Restricciones de uso No para préstamo Colección Programa académico Biblioteca de origen Biblioteca actual Ubicación en estantería Fecha de adquisición Fuente de adquisición Coste, precio normal de compra
2026-03-15   248.5 M866u 82983 e1 40.00 2025-12-26 Teología Libros físicos No Perdido Clasificación Decimal Dewey No restringido Disponible para préstamos Colección General Teología Biblioteca CRAI UPeU Lima Biblioteca CRAI UPeU Lima Sala principal 2025-12-10 Donación David Echevarría 35.00